| 000 | 00556nam a2200193Ia 4500 | ||
|---|---|---|---|
| 008 | 151119s9999||||xx |||||||||||||| ||und|| | ||
| 082 | _a954.025 | ||
| 082 | _bGKKV29636 | ||
| 100 | _a"श्रीखंडे, शशीकांत" | ||
| 245 | _aऔरंगजेब | ||
| 260 | _a--- | ||
| 260 | _b--- | ||
| 260 | _c2009 | ||
| 600 | _a"श्रीखंडे, शशीकांत" | ||
| 630 | _aऔरंगजेब | ||
| 700 | _a"श्रीखंडे, शशीकांत" | ||
| 730 | _aऔरंगजेब | ||
| 942 | _cBOOK | ||
| 999 |
_c1081990 _d1081987 |
||